1803 1749 1825 1794 1475 1760 1395 1095 1319 1770 1186 1352 1279 1414 1727 1150 1016 1627 1986 1550 1415 1218 1722 2000 1219 1551 1497 1312 1933 1206 1255 1189 1256 1113 1237 1703 1974 1463 1234 1736 1231 1859 1189 1505 1898 1782 1068 1425 1788 1567 1201 1678 1189 1869 1603 1877 1891 1563 1906 1202 1780 1957 1956 1172 1919 1769 1007 1294 1588 1620 1767 1025 1231 1737 1656 1941 1924 1282 1277 1621 1193 1316 1836 1398 1773 1615 1515 1196 1227 1884 1872 1317 1721 1674 1054 1194 1684 1449 1120 BCNSPRNW ULIB Ver.6.0+V

เปลี่ยนเป็นภาษาไทย

Change to English
 แสดงรายละเอียดบรรณานุกรม
  กลับหน้าหลัก

Brief Record : Get Marc (ISO 2709) : E-mail record : QR code < ปิดหน้าต่าง
LEADER : 00000nam 2200000uu 4500
001    13399110253
003     ULIB
008    110427s2544||||th 000 0 tha d
020    9745882283
060  4 WM100^bม649จ 2544
245 00 จิตเวชศาสตร์ รามาธิบดี /^cบรรณาธิการ มาโนช หล่อตระกูล, ปราโมทย์ สุนิชย์
250    พิมพ์ครั้งที่ 6
260    กรุงเทพฯ :^bหจก.สวิชาการพิมพ์,^c2544
300    478 หน้า ;^c21 ซ.ม
505  2 พัมนาการทางจิตใจ -- สาเหตุของความผิดปกติทางจิตเวช --ทฤษฎีจิตวิเคราะห์ -- การสัมภาษณ์และการตรวจทางจิตเวช -- การทอสอบทางจิตวิทยา -- อาการของความผิดปกติทางจิตเวช -- การจำแนกโรคและการวินิจฉัยโรคทางจิตเวช -- Delirium และ Dementia -- Substance Use Disorders -- โรคจิตเภท (Schizophrenia) -- โรคจิตอื่นๆ (Other Psychotic Disorders) --โรคอารมณ์แปรปรวน -- Anxiety disorders -- Somatoform Disorders -- Factitious Disorders -- Dissociative Disorders -- ความผิดปกตอทางเพศ -- ความผิดปกติด้านการนอน -- Impulse Control Disorders -- ภาวะการปรับตัวผิดปกติ -- บุคลิกภาพผิดปกติ -- ปัจจัยทางจิตใจที่มีผลต่าภาวะความเจ็บป่วยทางกาย -- โรค Psychosomatic ที่พบบ่อย -- จิตเวชฉุกเฉิน -- ปัญหาทางจิตเวชในผู้ป่วยทางกาย -- ปัญหาทางจิตเวชที่เกี่ยวข้องกับการติดเชื้อHIV --การดูแลผู้ป่วยระยะสุดท้าย -- ความเศร้าโศกเสียใจที่เกิดจากการสูญเสียและการตาย -- การรักษาด้านจิตใจ-- การใช้ยาและ ECT -- การสัมภาษณ์และการตรวจสภาพจิตเด็กและวัยรุ่น -- การวินิจฉัยโรคทางจิตเวชเด็ก -- ภาวะผิดปกติทางจิตเวชในเด็กที่พบบ่อย --พฤติกรรมที่เป็นปัญหาที่พบบ่อยในเด็กวัยก่อนเรียน -- นิติจิตเวชศาสตร์ -- งานสุขภาพจิตในประเทศไทย
650  7 จิตเวชศาสตร์
700 0  มาโนช หล่อตระกูล
700 0  ปราโมทย์ สุดนิชย์
945    ^p0^l0^i016314
945    ^p0^l0^i016313
995    ทศพร
999 ^a ใช้งานได้ทุกระบบ
รายการนี้ยังไม่มีแท็ก
คุณยังไม่ได้ล็อกอิน คุณสามารถมีกิจกรรมร่วมกับเว็บไซต์ได้ แต่ต้องล็อกอินก่อน ::
  ล็อกอิน

รายการสื่อสารสนเทศ

ลำดับที่ ประเภท เลขเรียก/บาร์โค้ด สถานที่ สถานะ
- ไม่พบข้อมูล -

รายการใกล้เคียง
    หัวเรื่อง [จิตเวชศาสตร์]

BibComment


ยังไม่เคยถูกคอมเมนท์

คอมเมนท์ทรัพยากรรายการนี้
  คอมเมนท์: จิตเวชศาสตร์ รามา..


 Copyright 2026. Bcnsprnw @Library